War storm / (Record no. 9648)
[ view plain ]
| 000 -LEADER | |
|---|---|
| fixed length control field | 01740nam a22002537a 4500 |
| 001 - CONTROL NUMBER | |
| control field | 9648 |
| 003 - CONTROL NUMBER IDENTIFIER | |
| control field | FISKH |
| 005 - DATE AND TIME OF LATEST TRANSACTION | |
| control field | 20260127155337.0 |
| 008 - FIXED-LENGTH DATA ELEMENTS--GENERAL INFORMATION | |
| fixed length control field | 260127b cb ||||| |||| 00| 0 eng d |
| 020 ## - INTERNATIONAL STANDARD BOOK NUMBER | |
| International Standard Book Number | 9781409175995 |
| 040 ## - CATALOGING SOURCE | |
| Original cataloging agency | FISKH |
| Language of cataloging | eng |
| Transcribing agency | FISKH |
| Modifying agency | FISKH |
| 050 ## - LIBRARY OF CONGRESS CALL NUMBER | |
| Classification number | PZ7 .A9529 |
| 082 ## - DEWEY DECIMAL CLASSIFICATION NUMBER | |
| Classification number | S 813.6 |
| 100 ## - MAIN ENTRY--PERSONAL NAME | |
| Personal name | Aveyard, Victoria |
| 245 ## - TITLE STATEMENT | |
| Title | War storm / |
| Statement of responsibility, etc. | Victoria Aveyard |
| 250 ## - EDITION STATEMENT | |
| Edition statement | This edition published in 2019 |
| 260 ## - PUBLICATION, DISTRIBUTION, ETC. | |
| Place of publication, distribution, etc. | London : |
| Name of publisher, distributor, etc. | Orion, |
| Date of publication, distribution, etc. | 2018 |
| 300 ## - PHYSICAL DESCRIPTION | |
| Extent | 662 pages : |
| Dimensions | 20 cm |
| 490 ## - SERIES STATEMENT | |
| Series statement | Red Queen : Book four |
| 520 ## - SUMMARY, ETC. | |
| Summary, etc. | VICTORY COMES AT A PRICE.<br/><br/>Mare Barrow learned this all too well when Cal's betrayal nearly destroyed her. Now determined to protect her heart�and secure freedom for Reds and newbloods like herMare resolves to overthrow the kingdom of Norta once and for all . . . starting with the crown on Maven's head.<br/><br/>But no battle is won alone, and before the Reds may rise as one, Mare must side with the boy who broke her heart in order to defeat the boy who almost broke her. Cal's powerful Silver allies, alongside Mare and the Scarlet Guard, prove a formidable force. But Maven is driven by an obsession so deep, he will stop at nothing to have Mare as his own again, even if it means demolish everythingand everyonein his path.<br/><br/>War is coming, and all Mare has fought for hangs in the balance. Will victory be enough to topple the Silver kingdoms? Or will the little lightning girl be forever silenced?<br/><br/>In the epic conclusion to Victoria Aveyard's stunning series, Mare must embrace her fate and summon all her power . . . for all will be tested, but not all will survive. |
| 650 ## - SUBJECT ADDED ENTRY--TOPICAL TERM | |
| Topical term or geographic name entry element | Royalty |
| Form subdivision | Fiction |
| General subdivision | Fantasy |
| Chronological subdivision | Dystopia |
| 942 ## - ADDED ENTRY ELEMENTS (KOHA) | |
| Source of classification or shelving scheme | Dewey Decimal Classification |
| Koha item type | Books |
| Suppress in OPAC | No |
| Withdrawn status | Lost status | Source of classification or shelving scheme | Damaged status | Not for loan | Collection | Home library | Current library | Shelving location | Date acquired | Total Checkouts | Full call number | Barcode | Date last seen | Copy number | Price effective from | Koha item type |
|---|---|---|---|---|---|---|---|---|---|---|---|---|---|---|---|---|
| Dewey Decimal Classification | Fiction | Footprints International School Library Network Toul Kork Campus | Footprints International School Library Network Toul Kork Campus | A TK Campus, 4th Floor, Room B401, Fiction Bookcases (1-6) | 01/27/2026 | AVE 813.6 PZ7 .A9529 | 2026-0166 | 01/27/2026 | 1 | 01/27/2026 | Books |
